000
00298nam a2200109 a 4500
005
20201002044917.0
008
140402s1971 000 spa d
100
_a
Molina, Tirso, de
_9
66495
245
0
_a
Don gil de las calzas verdes.
260
_a
Madrid -- Libra,
_c
1971 -- 189 p.
999
_c
43159
_d
43159
040
_a
DO-SdBNP